| 000 | 00952nam a2200205 a 4500 | ||
|---|---|---|---|
| 001 | 000378641 | ||
| 003 | AM-YeHGA | ||
| 005 | 20250618072312.0 | ||
| 008 | 041108s1986 ai 000 | arm d | ||
| 040 | _aAM-YeHGA | ||
| 041 | 0 | _aarm | |
| 100 | 1 |
_aԱվագյան, Էդուարդ Սամվելի, _d1927-2010 _91279 |
|
| 245 | 1 | 0 |
_aՃուտիկի տունը : _b[Չափածո հեքիաթներ : Դպրոցական կրտսեր տարիքի համար] / _cԷ.Ս. Ավագյան; Խմբ.՝ Օ.Հ. Պապոյան; Նկ.՝ Խ.Հ. Գյուլամիրյան. |
| 260 |
_aԵրևան : _bԼույս, _c1986. |
||
| 300 |
_a28 էջ : _bգունանկ. ; _c25 սմ. |
||
| 650 | 1 | 4 |
_aՀայ մանկական գրականություն _xՀեքիաթ |
| 700 | 1 |
_aՊապոյան, Օկտյաբրինա Համբարձումի _eխմբ. _4edt |
|
| 700 | 1 |
_aԳյուլամիրյան, Խաչատուր Հովհաննեսի, _d1922-2001 _eնկ. _4art _93258 |
|
| 090 | _c146136 | ||
| 999 |
_c144752 _d144752 |
||